[Event "AUTO-OPEN-1121"]
[Site "http://www.queenalice.com/game.php?id=398329"]
[Date "2008.5.5"]
[Round "1"]
[White "monica502"]
[Black "Abu_Kahaladrikahalamanja"]
[Result "0-1"]
[WhiteElo "1186"]
[BlackElo "1510"]

1. d4 d5 2. e3 Nc6 3. Nf3 Bf5 4. Bb5 e6 5. O-O Bg4 6. b3 Nf6 7. Nbd2 Ne4 8. Nxe4
Be7 9. h3 Bxf3 10. Qxf3 O-O 11. Rd1 e5 12. Bxc6 bxc6 13. Nc3 e4 14. Qe2 c5 15.
Nxd5 Qxd5 16. c4 Bd6 17. g3 Qe6 0-1

[Event "AUTO-OPEN-1121"]
[Site "http://www.queenalice.com/game.php?id=398330"]
[Date "2008.5.5"]
[Round "1"]
[White "Abu_Kahaladrikahalamanja"]
[Black "monica502"]
[Result "1-0"]
[WhiteElo "1506"]
[BlackElo "1188"]

1. e4 e6 2. Nf3 Nc6 3. Bc4 f5 4. d3 Bb4+ 5. Bd2 Qe7 6. a3 Bxd2+ 7. Nbxd2 Nf6 8.
e5 Ng4 9. b4 d6 10. Qe2 d5 11. Bb5 Bd7 12. d4 O-O-O 13. O-O Ncxe5 14. a4 Qxb4
15. Ba6 Nxf3+ 16. Nxf3 bxa6 17. Qxa6+ 1-0

[Event "AUTO-INT-933"]
[Site "http://www.queenalice.com/game.php?id=418751"]
[Date "2008.6.16"]
[Round "1"]
[White "Abu_Kahaladrikahalamanja"]
[Black "Mehiel"]
[Result "1-0"]
[WhiteElo "1514"]
[BlackElo "1388"]

1. e4 e5 2. Nf3 d6 3. Bc4 h6 4. d3 Be7 5. d4 exd4 6. Nxd4 Nf6 7. Qf3 O-O 8. Qg3
Nxe4 9. Qd3 Nc5 10. Qg3 Ne4 11. Qd3 Nxf2 12. Kxf2 Bh4+ 13. g3 Bf6 14. Bf4 c5 15.
Nd2 Bxd4+ 16. Be3 Qf6+ 17. Ke2 Bg4+ 18. Ke1 Nc6 19. h3 Bxe3 20. Qxe3 Rae8 21.
Ne4 1-0

[Event "AUTO-INT-933"]
[Site "http://www.queenalice.com/game.php?id=418752"]
[Date "2008.6.16"]
[Round "1"]
[White "Mehiel"]
[Black "Abu_Kahaladrikahalamanja"]
[Result "0-1"]
[WhiteElo "1388"]
[BlackElo "1526"]

1. d4 d5 2. Nf3 e6 3. Nc3 Nc6 4. e3 Bb4 5. Bd2 Nf6 6. a3 Bxc3 7. Bxc3 Ne4 8. Be2
Qe7 9. O-O e5 10. dxe5 O-O 11. Bd3 Nxc3 12. bxc3 Nxe5 13. Nxe5 Qxe5 14. Qd2 Qg5
15. f4 Qg4 16. Be2 Qg6 17. Qxd5 Qxc2 18. Qc4 Be6 19. Qd3 Qa4 20. f5 Bc4 0-1

[Event "AUTO-INT-933"]
[Site "http://www.queenalice.com/game.php?id=418755"]
[Date "2008.6.16"]
[Round "1"]
[White "Abu_Kahaladrikahalamanja"]
[Black "Kasparov1"]
[Result "0-1"]
[WhiteElo "1535"]
[BlackElo "1902"]

1. e4 e5 2. Nf3 Nc6 3. Bc4 Bc5 4. d3 d6 5. Ng5 Be6 6. Bxe6 fxe6 7. Qf3 Qd7 8.
Be3 Bxe3 9. Qxe3 Nd4 10. Qd2 O-O-O 11. O-O h6 12. Nf3 Nxf3+ 13. gxf3 Nf6 14. Nc3
d5 15. a4 dxe4 16. fxe4 Qe8 17. Qe3 b6 18. a5 Qc6 19. axb6 axb6 20. b4 Qxc3 21.
Qh3 Rde8 22. Rfc1 Qxb4 23. Qg3 Nd7 24. Qf3 Qf8 25. Qxf8 Rhxf8 26. c4 Nc5 27.
Ra8+ Kd7 28. Ra7 Ra8 0-1

[Event "AUTO-INT-933"]
[Site "http://www.queenalice.com/game.php?id=418756"]
[Date "2008.6.16"]
[Round "1"]
[White "Kasparov1"]
[Black "Abu_Kahaladrikahalamanja"]
[Result "1-0"]
[WhiteElo "1900"]
[BlackElo "1536"]

1. e4 e5 2. Nf3 Nc6 3. Bd3 Bc5 4. b3 Bd4 5. c3 Bb6 6. O-O d6 7. Bb5 Bg4 8. Bxc6+
bxc6 9. h3 Bxf3 10. Qxf3 Nh6 11. d3 O-O 12. Qg3 d5 13. Bxh6 Qf6 14. Be3 d4 15.
cxd4 exd4 16. Bd2 h6 17. Na3 Bc5 18. Nc2 Rae8 19. Qxc7 Ra8 20. Rac1 Bd6 21. Qd7
Qe5 22. g3 c5 23. Bf4 Rad8 24. Qxa7 Qh5 25. Bxd6 Rxd6 26. h4 g5 27. Qe7 Re6 28.
Qxc5 Qg6 29. Qf5 1-0

[Event "AUTO-INT-933"]
[Site "http://www.queenalice.com/game.php?id=502903"]
[Date "2008.12.4"]
[Round "2"]
[White "Petruzza"]
[Black "Abu_Kahaladrikahalamanja"]
[Result "1-0"]
[WhiteElo "1726"]
[BlackElo "1588"]

1. e4 e5 2. c3 Nc6 3. Qf3 Bc5 4. Bc4 Nf6 5. d3 d6 6. Bg5 Bg4 7. Bxf6 Bxf3 8.
Bxd8 Bxg2 9. Bxc7 Kd7 10. b4 Bxh1 11. bxc5 Kxc7 12. cxd6+ Kxd6 13. f3 Rhe8 14.
Kf2 g5 15. Nh3 f6 16. Na3 Bxf3 17. Kxf3 h5 18. Nb5+ Kd7 19. Rb1 g4+ 20. Ke3 gxh3
21. Rg1 a6 22. Rg7+ Ne7 23. Na3 Kc7 24. Bf7 Red8 25. Bxh5 Kd6 26. Nc4+ Kc5 27.
Rxe7 b6 28. Rc7+ Kb5 29. Na3+ Ka4 30. Nc4 b5 31. Nb6+ Ka3 32. Nxa8 Rxa8 33. Bf7
Kb2 34. Bb3 Rg8 35. Bxg8 a5 36. Rh7 Kxc3 37. Rxh3 a4 38. Rh6 1-0

[Event "AUTO-INT-933"]
[Site "http://www.queenalice.com/game.php?id=502904"]
[Date "2008.12.4"]
[Round "2"]
[White "Abu_Kahaladrikahalamanja"]
[Black "Petruzza"]
[Result "1-0"]
[WhiteElo "1565"]
[BlackElo "1737"]

1. e4 e6 2. Nf3 g5 3. d4 Nf6 4. e5 Ne4 5. Bd3 g4 6. Ng5 Nxg5 7. Qxg4 h6 8. f4
Nh7 9. O-O d6 10. f5 exf5 11. Bxf5 Bxf5 12. Qxf5 f6 13. exf6 Nxf6 14. Re1+ Kf7
15. h4 Nd7 16. h5 c5 17. Qg6# 1-0

[Event "AUTO-INT-933"]
[Site "http://www.queenalice.com/game.php?id=559754"]
[Date "2009.3.22"]
[Round "3"]
[White "Abu_Kahaladrikahalamanja"]
[Black "rockaudrey"]
[Result "1-0"]
[WhiteElo "1560"]
[BlackElo "1573"]

1. e4 c5 2. Bc4 d6 3. Nf3 Nc6 4. d4 cxd4 5. Nxd4 Nf6 6. Bg5 e6 7. Nc3 Be7 8. Bb5
Bd7 9. Qf3 a6 10. Bc4 b5 11. Nxc6 Bxc6 12. O-O-O bxc4 13. h4 Qa5 14. Qe2 O-O 15.
g4 h6 16. Bd2 Rab8 17. Qxc4 Qb6 18. b3 d5 19. exd5 exd5 20. Qf4 Ba3+ 21. Kb1 a5
22. Rhg1 a4 23. g5 Nh5 24. Qf3 g6 25. gxh6 d4 26. Qxh5 axb3 27. cxb3 dxc3 28.
Bxc3 Qxf2 29. h7# 1-0

[Event "AUTO-INT-933"]
[Site "http://www.queenalice.com/game.php?id=559755"]
[Date "2009.3.22"]
[Round "3"]
[White "rockaudrey"]
[Black "Abu_Kahaladrikahalamanja"]
[Result "1-0"]
[WhiteElo "1525"]
[BlackElo "1578"]

1. e4 e5 2. Nf3 Nc6 3. d4 exd4 4. Nxd4 Bc5 5. Be3 Qf6 6. c3 Nh6 7. Bc4 Ng4 8.
Qxg4 d6 9. Qe2 Bxd4 10. cxd4 Nxd4 11. Bxd4 Qxd4 12. Nc3 O-O 13. Rd1 Qe5 14. O-O
Qg5 15. Rd3 Bh3 16. Rxh3 a6 17. Qh5 Qg6 18. Qxg6 hxg6 19. Nd5 b5 20. Ne7# 1-0